000 00682nam a2200241Ia 4500
003 OSt
005 20220918210534.0
006 a|||||r|||| 00| 0
007 ta
008 220917b |||||||| |||| 00| 0 eng d
024 _a120,860
037 _cTextual
040 _aARTS
_cARTS
_beng
041 _2eng
_aeng
082 _aV73:91-23:B28, L0
100 _aMacrae Duncan
_991707
245 0 _aIssues and parties in legislative voting
_b methods of statistical analysis
260 _c1970
490 _aHarper's American political behavior series
650 _aHISTORY
942 _hV73:91-23:B28, L0
_cTEXL
_2CC
999 _c244116
_d244116